000 00358nam a22001457a 4500
005 20200606120104.0
008 200606b xxu||||| |||| 00| 0 eng d
082 _a345.4
110 _a A.I. R
_95792
245 _aALL INDIA REPORTER 1996 V- 83 (DELHI SEC )
260 _aMUMBAI
_bA.I.R PVT, LTD
300 _a112;p
650 _aLAW
_95701
942 _cJRL
999 _c6850
_d6848